| 000 | 00475nam a2200169Ia 4500 | ||
|---|---|---|---|
| 003 | OSt | ||
| 005 | 20230527113453.0 | ||
| 008 | 210423s2006 xx 000 0 und d | ||
| 040 | _cAL | ||
| 082 |
_a302.3 _223 _bNAPG |
||
| 100 |
_aNAPUR (Rodney W);GERSHENFELD (Matti K). _9115294 |
||
| 245 | _aGroups theory and experience. | ||
| 260 |
_aDelhi _bAITBS Publishers and Distributors _c2006 |
||
| 365 |
_b150 _cINR |
||
| 906 | _aexperience. ; Groups ; theory | ||
| 942 |
_2ddc _cBK |
||
| 999 |
_c174375 _d174375 |
||